Verejná správa a samospráva v procese zavedenia eura
Povinnosti samospráv v procese prípravy na euro. Legislatívna, ekonomická a hospodárska administratívna oblasť. Informačná kampaň obce pri zavedení eura. Mesto Senica a spôsoby prípravy občanov na zavedenie eura. Informačná kampaň na báze Euro Office.
Salvato in:
| Autore principale: | |
|---|---|
| Natura: | Capitolo di libro |
| Lingua: | slovacco |
| Soggetti: | |
| Tags: |
Nessun Tag, puoi essere il primo ad aggiungerne!!
|
MARC
| LEADER | 00000naa$a2200000$$$4500 | ||
|---|---|---|---|
| 001 | 0088115 | ||
| 005 | 20231114115806.6 | ||
| 041 | 0 | |a slo | |
| 044 | |a SK | ||
| 245 | 1 | 0 | |a Verejná správa a samospráva v procese zavedenia eura |c Ivana Kovácsová |
| 520 | |a Povinnosti samospráv v procese prípravy na euro. Legislatívna, ekonomická a hospodárska administratívna oblasť. Informačná kampaň obce pri zavedení eura. Mesto Senica a spôsoby prípravy občanov na zavedenie eura. Informačná kampaň na báze Euro Office. | ||
| 610 | 2 | 0 | |a euro |
| 610 | 2 | 0 | |a správa verejná |
| 610 | 2 | 0 | |a samospráva |
| 610 | 2 | 0 | |a kampane reklamné |
| 610 | 2 | 0 | |a obce |
| 610 | 2 | 0 | |a informácie |
| 610 | 2 | 0 | |a Slovensko |
| 100 | 1 | |a Kovácsová, Ivana | |